000 00724nam a2200217 a 4500
001 BRCA_1322
005 20190320203356.0
008 010126s2001 mx-a---##b---#001-0cspa-#
020 _a9685208034
040 _aDLC
_cDLC
050 4 _aZ994.M4
_b.H47 2001
100 1 _aHernández López, Selva
_94330
245 1 0 _aEx libris mexicanos
_bartistas del siglo XX
_cSelva Hernández López, Mercurio López Casillas.
260 _aMéxico
_bRM
_c2001
300 _a145 p.
_bil.
_c28 cm.
500 _aIncluye índice de artistas e índice de titulares
650 1 4 _aEx-libris mexicanos
_xHistoria
_ySiglo XX
_94331
650 1 4 _aArtistas
_vBiografía
_zMéxico
_93612
700 1 _aLópez Casillas, Mercurio
_94332
942 _2lcc
_cB
999 _c1186
_d1186